000 00471nam a2200169Ia 4500
999 _c35508
_d35508
003 OSt
005 20201215103241.0
008 190216s9999||||xx |||||||||||||| ||und||
040 _coclc
082 _a901
_bCOH/K
100 _aCohen, G A
_97496
245 0 _aKarl Marx`s Theory Of History /
_cG A Cohen
260 _bClarendon Press Oxford,
_c1982.
_aLondon:
300 _a365p
650 _aHistory
942 _cREF
_2ddc
_h901
_iCOH/K
_k901
_mCOH/K